Statistics for Colorado 14ers

Click here to take the quiz!

General Stats

  • This quiz has been taken 2 times
  • The average score is 22 of 56

Answer Stats

HintAnswer% Correct
14,270Grays Peak
100%
14,255Longs Peak
100%
14,059Mount Bierstadt
100%
14,148Mount Democrat
100%
14,264Mount Evans
100%
14,286Mount Lincoln
100%
14,005Mount of the Holy Cross
100%
14,197Mount Princeton
100%
14,196Mount Yale
100%
14,433Mt. Elbert
100%
14,420Mt. Harvard
100%
14,421Mt. Massive
100%
14,110Pikes Peak
100%
14,265Quandary Peak
100%
14,267Torreys Peak
100%
14,003Huron Peak
50%
14,361La Plata Peak
50%
14,064Missouri Mountain
50%
14,172Mount Bross
50%
14,238Mount Cameron
50%
14,073Mount Columbia
50%
14,083Mount Eolus
50%
14,229Mount Shavano
50%
14,036Mount Sherman
50%
14,034Redcloud Peak
50%
14,092Snowmass Mountain
50%
14,060Sunlight Peak
50%
14,001Sunshine Peak
50%
14,345Blanca Peak
0%
14,130Capitol Peak
0%
14,265Castle Peak
0%
14,022Conundrum Peak
0%
14,197Crestone Needle
0%
14,294Crestone Peak
0%
14,047Culebra Peak
0%
14,159El Diente Peak
0%
14,042Ellingwood Point
0%
14,048Handies Peak
0%
14,060Humboldt Peak
0%
14,165Kit Carson Mountain
0%
14,037Little Bear Peak
0%
14,156Maroon Peak
0%
14,269Mount Antero
0%
14,197Mount Belford
0%
14,042Mount Lindsey
0%
14,153Mount Oxford
0%
14,150Mount Sneffels
0%
14,246Mount Wilson
0%
14,014North Maroon Peak
0%
14,018Pyramid Peak
0%
14,014San Luis Peak
0%
14,155Tabeguache Mountain
0%
14,309Uncompahgre Peak
0%
14,015Wetterhorn Peak
0%
14,017Wilson Peak
0%
14,082Windom Peak
0%

Score Distribution

Percentile by Number Answered

Percent of People with Each Score

Your Score History

You have not taken this quiz